[Event "AUTO-ADV-2581"]
[Site "http://www.queenalice.com/game.php?id=1089939"]
[Date "2012.8.3"]
[Round "1"]
[White "Jlacerda"]
[Black "norbertokruger"]
[Result "1-0"]
[WhiteElo "1823"]
[BlackElo "1750"]

1. e4 e5 2. Nf3 Nc6 3. Bb5 Nd4 4. Nxd4 exd4 5. O-O c6 6. Bc4 Nf6 7. Re1 d6 8. c3
b5 9. Bb3 dxc3 10. bxc3 Bb7 11. d4 Be7 12. Bg5 h6 13. Bh4 O-O 14. Nd2 c5 15. Bc2
cxd4 16. cxd4 a5 17. Rb1 Bc6 18. Nf3 d5 19. Ne5 Bb7 20. Rxb5 Bb4 21. Rxb7 Bxe1
22. Qxe1 dxe4 23. Bxf6 Qxf6 24. Qxe4 g6 25. Nd7 Qf5 26. Qxf5 Rae8 27. Nf6+ 1-0

[Event "AUTO-ADV-2581"]
[Site "http://www.queenalice.com/game.php?id=1089940"]
[Date "2012.8.3"]
[Round "1"]
[White "norbertokruger"]
[Black "Jlacerda"]
[Result "0-1"]
[WhiteElo "1731"]
[BlackElo "1939"]

1. e4 c6 2. d4 d5 3. e5 c5 4. Bf4 cxd4 5. Qxd4 Nc6 6. Bb5 Qa5+ 7. Nc3 e6 8.
Bxc6+ bxc6 9. Ne2 Ne7 10. Ng3 Ng6 11. O-O c5 12. Qd2 Qb4 13. Bg5 h6 14. Bf6 gxf6
15. exf6 Qf4 16. Qxf4 Nxf4 17. Nb5 Kd8 18. a3 h5 19. Rfd1 h4 20. Ne4 Bd7 21.
Nbd6 Bxd6 22. Nxd6 Kc7 23. Nxf7 Rhf8 24. Ne5 Rxf6 25. Ng4 Rg6 26. f3 Rb8 27. b4
c4 28. c3 Ne2+ 29. Kf2 Nxc3 30. Rd4 Nb5 31. Rf4 Nd6 32. Ne5 Rh6 33. g4 hxg3+ 34.
hxg3 Rh2+ 35. Kg1 Rbh8 36. Rh4 R2xh4 37. gxh4 Rxh4 38. a4 c3 39. b5 Nc4 40. Nxc4
Rxc4 41. Kg2 c2 42. Rc1 Kb6 43. Kg3 Ka5 0-1

[Event "AUTO-ADV-2581"]
[Site "http://www.queenalice.com/game.php?id=1089941"]
[Date "2012.8.3"]
[Round "1"]
[White "Jlacerda"]
[Black "luizpessoa"]
[Result "1-0"]
[WhiteElo "1990"]
[BlackElo "1762"]

1. e4 b6 2. d4 Bb7 3. Nc3 g6 4. Nf3 e6 5. Be3 d6 6. Qd2 h6 7. O-O-O a6 8. Bd3
Be7 9. Rhe1 Nc6 10. d5 Nb4 11. Bc4 b5 12. Bb3 e5 13. a3 Nxc2 14. Kxc2 Nf6 15.
Bxh6 c5 16. Bg7 Rh7 17. Bxf6 Bxf6 18. Kb1 Bc8 19. h3 c4 20. Bc2 g5 21. Na2 g4
22. hxg4 Bxg4 23. Rh1 Rxh1 24. Rxh1 Bxf3 25. gxf3 Kd7 26. Nb4 Qg8 27. Qh6 Qg2
28. Qh3+ Qxh3 29. Rxh3 a5 30. Nc6 a4 31. Rh7 Rf8 32. Na7 c3 33. bxc3 Bd8 34.
Nxb5 Bb6 35. Bxa4 Bxf2 36. Rh6 Ra8 37. Bb3 Bc5 38. a4 Rg8 39. Rh3 Rg5 40. a5 Rg8
41. Rh2 Rg1+ 42. Kb2 Rg8 43. Rh1 Rb8 44. Bc4 Ra8 45. Ra1 Ke7 46. a6 f5 47. a7
fxe4 48. fxe4 Kd7 49. Ra6 Kc8 50. Rc6+ Kb7 51. Nxd6+ Kxa7 52. Rc7+ Kb8 53. Rb7#
1-0

[Event "AUTO-ADV-2581"]
[Site "http://www.queenalice.com/game.php?id=1089942"]
[Date "2012.8.3"]
[Round "1"]
[White "luizpessoa"]
[Black "Jlacerda"]
[Result "0-1"]
[WhiteElo "1781"]
[BlackElo "1912"]

1. d4 d5 2. Nc3 Nf6 3. Bf4 Bf5 4. h3 e6 5. a3 c5 6. Nb5 Qa5+ 7. Nc3 cxd4 8. b4
Bxb4 9. axb4 Qxb4 10. Qb1 Qxc3+ 11. Bd2 Qc7 12. e3 dxe3 13. Qb5+ Nc6 14. Bxe3
O-O 15. Bd3 Bxd3 16. cxd3 Rfc8 17. Ne2 a6 18. Qb2 b5 19. O-O e5 20. Rfc1 d4 21.
Bg5 Qd6 22. Ra3 Ne7 23. Rxc8+ Rxc8 24. Ng3 h6 25. Bd2 Qc6 26. Bb4 Ned5 27. Nf5
Qc1+ 28. Qxc1 Rxc1+ 29. Kh2 Nxb4 30. Ne7+ Kh7 31. Rb3 a5 32. Nc8 Rxc8 33. Rb1
Rc3 34. Rd1 Rxd3 35. Re1 e4 36. Re2 a4 37. g3 e3 38. fxe3 dxe3 39. Kg1 Rd1+ 40.
Kg2 Rd2 41. Kf3 Rxe2 42. Kxe2 Nfd5 43. Kf3 f5 44. h4 h5 0-1

[Event "AUTO-ADV-2581"]
[Site "http://www.queenalice.com/game.php?id=1089943"]
[Date "2012.8.3"]
[Round "1"]
[White "Jlacerda"]
[Black "josebaron"]
[Result "1-0"]
[WhiteElo "1957"]
[BlackElo "1962"]

1. e4 e5 2. Nf3 Nc6 3. Bb5 d6 4. d4 exd4 5. Qxd4 Bd7 6. Bxc6 Bxc6 7. Nc3 Nf6 8.
Bg5 Be7 9. O-O-O O-O 10. Rhe1 h6 11. Bh4 Re8 12. e5 Bxf3 13. gxf3 Nd7 14. Bxe7
Rxe7 15. exd6 Rxe1 16. Rxe1 c6 17. Re7 Nb6 18. Qf4 Qf8 19. Rxb7 Qe8 20. Re7 Qf8
21. Qe5 Nc4 22. Qc5 Nxd6 23. Qxd6 Rd8 24. Qe5 f6 25. Qe6+ Kh8 26. Qf7 Qxf7 27.
Rxf7 Rd4 28. Ne4 a5 29. Rc7 f5 30. Ng3 Rf4 31. Rxg7 Rxf3 32. Rf7 Rxf2 33. Rxf5
Rxh2 34. Rh5 Rxh5 35. Nxh5 Kh7 36. Nf4 c5 37. b3 Kg7 38. a3 Kf6 39. Kd2 Kg5 40.
Ke3 h5 41. c3 h4 42. Ke4 1-0

[Event "AUTO-ADV-2581"]
[Site "http://www.queenalice.com/game.php?id=1089944"]
[Date "2012.8.3"]
[Round "1"]
[White "josebaron"]
[Black "Jlacerda"]
[Result "0-1"]
[WhiteElo "1900"]
[BlackElo "1864"]

1. e4 c6 2. Nf3 d5 3. e5 Bg4 4. d4 e6 5. Be2 c5 6. O-O Nc6 7. c3 cxd4 8. cxd4
Bxf3 9. Bxf3 Qb6 10. Qb3 Qxb3 11. axb3 Nxd4 12. Nd2 Ne7 13. Ra4 Ndc6 14. Re1 Ng6
15. Be2 Ncxe5 16. Nf3 Nxf3+ 17. Bxf3 Be7 18. Bd2 O-O 19. Bb4 Rfc8 20. Bxe7 Nxe7
21. h3 Rc2 22. Rb1 Nc6 23. b4 Rc4 24. Be2 Rxb4 25. Rxb4 Nxb4 26. Rc1 Nc6 27. Bb5
Rc8 28. Bxc6 Rxc6 29. Ra1 a6 30. b4 Kf8 31. g4 Ke7 32. Kg2 Kd6 33. g5 Rc4 34. b5
axb5 35. Rb1 b4 36. f3 Rc2+ 37. Kg3 Kc5 38. h4 Kc4 39. Ra1 b3 40. Ra7 b5 0-1

[Event "AUTO-ADV-2581"]
[Site "http://www.queenalice.com/game.php?id=1116763"]
[Date "2012.10.28"]
[Round "2"]
[White "miltonlovisk"]
[Black "Jlacerda"]
[Result "0-1"]
[WhiteElo "2026"]
[BlackElo "2096"]

1. e4 c6 2. Nf3 d5 3. exd5 cxd5 4. a3 Nf6 5. d4 Nc6 6. Bb5 Bg4 7. Nc3 e6 8. h3
Bh5 9. g4 Bg6 10. Ne5 Rc8 11. Nxg6 hxg6 12. Bg5 Qb6 13. Bxc6+ Rxc6 14. Rb1 Rc4
15. Be3 Bd6 16. Ne2 Nxg4 17. Qd3 Nxe3 18. fxe3 Qc7 19. c3 Bg3+ 20. Kd2 Bh4 21.
b3 Rc6 22. b4 Bf6 23. a4 Rh5 24. Nf4 Rf5 25. h4 g5 26. hxg5 Bxg5 27. Nh5 Rf2+
28. Ke1 Rf3 29. Nxg7+ Ke7 0-1

[Event "AUTO-ADV-2581"]
[Site "http://www.queenalice.com/game.php?id=1116764"]
[Date "2012.10.28"]
[Round "2"]
[White "Jlacerda"]
[Black "miltonlovisk"]
[Result "1-0"]
[WhiteElo "2112"]
[BlackElo "2036"]

1. e4 e5 2. Nf3 Nc6 3. Bb5 Qf6 4. Nc3 Nge7 5. d3 d6 6. Bg5 Qe6 7. Bc4 Qg6 8. h4
h6 9. Bxe7 Bxe7 10. Nd5 Bd8 11. h5 Qxg2 12. Rh2 Qg4 13. Ne3 Qd7 14. Rg2 Bf6 15.
Nf5 Ne7 16. N3h4 Nxf5 17. Nxf5 Rg8 18. Nxh6 Rf8 19. Nf5 g6 20. hxg6 fxg6 21.
Rxg6 Qh7 22. Rh6 Qd7 23. Qh5+ Kd8 24. Rxf6 Qe8 25. Qg5 Kd7 26. Qg7+ 1-0

[Event "AUTO-MASTER-1779"]
[Site "http://www.queenalice.com/game.php?id=1128866"]
[Date "2012.12.6"]
[Round "1"]
[White "Jlacerda"]
[Black "favazza2007"]
[Result "1-0"]
[WhiteElo "2063"]
[BlackElo "1877"]

1. e4 d5 2. exd5 Nf6 3. d4 Nxd5 4. Nf3 Nc6 5. Be2 Bf5 6. O-O e6 7. Re1 Bd6 8. a3
O-O 9. c4 Nf6 10. Nc3 b6 11. h3 Be7 12. Bd3 Bg6 13. Bxg6 fxg6 14. Rxe6 Bd6 15.
b4 Re8 16. Qe2 Rxe6 17. Qxe6+ Kh8 18. d5 Qe7 19. Qxe7 Nxe7 20. Nb5 a6 21. Nxd6
cxd6 22. Bf4 Rd8 23. Re1 Nf5 24. g4 Ne7 25. Rxe7 Kg8 26. Ng5 h6 27. Ne6 Rd7 28.
Rxd7 Nxd7 29. Bxd6 Kf7 30. c5 bxc5 31. bxc5 Nf6 32. Nc7 a5 33. f3 a4 34. Kf2 h5
35. g5 Nxd5 36. Nxd5 Ke6 37. Nb6 Kf5 38. c6 Kxg5 39. c7 Kh4 40. c8=Q g5 41. Bg3#
1-0

[Event "AUTO-MASTER-1779"]
[Site "http://www.queenalice.com/game.php?id=1128867"]
[Date "2012.12.6"]
[Round "1"]
[White "favazza2007"]
[Black "Jlacerda"]
[Result "0-1"]
[WhiteElo "1877"]
[BlackElo "2075"]

1. c4 c6 2. Nf3 Nf6 3. Nc3 d5 4. cxd5 cxd5 5. d4 Bf5 6. e3 e6 7. Bd3 Bxd3 8.
Qxd3 Nc6 9. Bd2 Bd6 10. O-O O-O 11. Nb5 Be7 12. a3 Qd7 13. a4 a6 14. Nc3 Rac8
15. Ne5 Qd8 16. f3 Bd6 17. e4 Nxe5 18. dxe5 Bxe5 19. exd5 exd5 20. Bg5 Qb6+ 21.
Kh1 d4 22. Bxf6 Qxf6 23. Nd5 Qd6 24. f4 Qxd5 25. fxe5 Qxe5 26. Rae1 Qd5 27. Rf5
Qc4 28. Qxc4 Rxc4 29. b3 Rcc8 30. Rd5 Rfd8 31. Rde5 d3 32. Rd1 d2 33. g4 Rc1 34.
Rxc1 dxc1=Q+ 35. Kg2 Qb2+ 36. Re2 Qxe2+ 0-1

[Event "AUTO-MASTER-1779"]
[Site "http://www.queenalice.com/game.php?id=1128869"]
[Date "2012.12.6"]
[Round "1"]
[White "clovis"]
[Black "Jlacerda"]
[Result "0-1"]
[WhiteElo "2034"]
[BlackElo "2040"]

1. e4 c6 2. d4 d5 3. exd5 cxd5 4. c4 Nf6 5. Nc3 Nc6 6. Nf3 Bg4 7. Bd3 dxc4 8.
Bxc4 Bxf3 9. Qxf3 Qxd4 10. Bb5 Rc8 11. Be3 Qe5 12. O-O a6 13. Ba4 b5 14. Bf4 Qh5
15. Nxb5 axb5 16. Bb3 Qxf3 17. gxf3 Nd4 18. Bd1 e6 19. a4 Bb4 20. axb5 Nd7 21.
Ra7 e5 22. Rxd7 Kxd7 23. Bxe5 Ne6 24. b6 Bd6 25. Ba4+ Ke7 0-1

[Event "AUTO-MASTER-1779"]
[Site "http://www.queenalice.com/game.php?id=1128870"]
[Date "2012.12.6"]
[Round "1"]
[White "Jlacerda"]
[Black "BRANDAO"]
[Result "1-0"]
[WhiteElo "2123"]
[BlackElo "1969"]

1. e4 c5 2. Nc3 d6 3. g3 Nc6 4. Bg2 Nf6 5. f4 e5 6. d3 g6 7. Nf3 Bg7 8. O-O Ng4
9. h3 Nh6 10. fxe5 Nxe5 11. Be3 f5 12. Nxe5 Bxe5 13. Bxh6 Bxg3 14. exf5 Bxf5 15.
Ne4 Qb6 16. Nxg3 O-O-O 17. Nxf5 gxf5 18. Qf3 Rd7 19. b3 d5 20. Bg5 Qg6 21. Qxf5
Qb6 22. Bxd5 c4+ 23. Kh1 Qd4 24. dxc4 h6 25. Bf6 Qd2 26. Rad1 Qe3 27. Bxh8 b5
28. Bc6 bxc4 29. Qxd7+ 1-0

[Event "AUTO-MASTER-1779"]
[Site "http://www.queenalice.com/game.php?id=1128871"]
[Date "2012.12.6"]
[Round "1"]
[White "BRANDAO"]
[Black "Jlacerda"]
[Result "0-1"]
[WhiteElo "1959"]
[BlackElo "2130"]

1. d4 d5 2. c4 c6 3. Nc3 Nf6 4. Bg5 e6 5. f3 Be7 6. e3 O-O 7. Bd3 Nbd7 8. Rc1
Qa5 9. Qb3 dxc4 10. Qxc4 Qxg5 11. Kf2 Nd5 12. Re1 N7b6 13. Qb3 Bd7 14. Ne4 Qh6
15. a3 Nf6 16. Ng3 c5 17. Nh3 cxd4 18. exd4 Rac8 19. Re2 Ba4 20. Qa2 Rfd8 21. b3
Bc6 22. Qb2 Nbd5 23. a4 Nf4 24. Nxf4 Qxf4 25. Re4 Bxe4 26. Nxe4 Ng4+ 27. Ke2
Qe3+ 28. Kd1 Qxd3+ 29. Ke1 Bb4+ 30. Nd2 Qe3+ 0-1

[Event "Challenge"]
[Site "http://www.queenalice.com/game.php?id=1138658"]
[Date "2013.1.9"]
[Round "-"]
[White "Jlacerda"]
[Black "eddval"]
[Result "0-1"]
[WhiteElo "2137"]
[BlackElo "2125"]

1. e4 c5 2. Nc3 g6 3. g3 Nc6 4. Bg2 Bg7 5. d3 e6 6. Be3 b6 7. Qd2 Nge7 8. Bh6
O-O 9. Nge2 Bb7 10. h4 Kh8 11. h5 Bxh6 12. Qxh6 Ng8 13. Qe3 g5 14. f4 h6 15.
fxg5 Qxg5 16. Qxg5 hxg5 17. O-O-O Kh7 18. d4 cxd4 19. Nxd4 Ne5 20. Nf3 Nxf3 21.
Bxf3 Rad8 22. Rd4 f5 23. Rhd1 Nf6 24. Bh1 Kh6 25. exf5 Bxh1 26. fxe6 Bf3 27.
R1d3 Ng8 28. Rxd7 Rde8 29. Rf7 Bxh5 30. Rd6 Ne7 31. Nd5 Rd8 0-1

[Event "AUTO-MASTER-1779"]
[Site "http://www.queenalice.com/game.php?id=1179429"]
[Date "2013.5.7"]
[Round "2"]
[White "Talon"]
[Black "Jlacerda"]
[Result "1-0"]
[WhiteElo "2422"]
[BlackElo "2125"]

1. d4 d5 2. c4 c6 3. Nf3 Nf6 4. Nc3 e6 5. e3 Nbd7 6. Qc2 Bd6 7. Bd3 O-O 8. O-O
h6 9. h3 Qe7 10. Re1 e5 11. cxd5 Nxd5 12. Nxd5 cxd5 13. e4 1-0

[Event "AUTO-MASTER-1779"]
[Site "http://www.queenalice.com/game.php?id=1179430"]
[Date "2013.5.7"]
[Round "2"]
[White "Jlacerda"]
[Black "Talon"]
[Result "0-1"]
[WhiteElo "2122"]
[BlackElo "2430"]

1. e4 c5 2. Nc3 Nc6 3. g3 Nf6 4. Bg2 e6 5. d3 d5 6. f4 d4 7. Nce2 Be7 8. h3 O-O
9. Nf3 b5 10. O-O Bb7 11. g4 Qb6 12. Ng3 c4 13. g5 Nd7 0-1

[Event "AUTO-MASTER-1779"]
[Site "http://www.queenalice.com/game.php?id=1179431"]
[Date "2013.5.7"]
[Round "2"]
[White "TITAN10"]
[Black "Jlacerda"]
[Result "1-0"]
[WhiteElo "1909"]
[BlackElo "2100"]

1. e4 c6 2. d4 d5 3. e5 c5 4. Nf3 cxd4 5. Nxd4 e6 6. Bb5+ Bd7 7. Qd3 Nc6 8. Nxc6
Bxc6 9. Nc3 Qc7 10. Bxc6+ bxc6 11. Bf4 Rb8 12. Rb1 c5 13. O-O 1-0

[Event "AUTO-MASTER-1779"]
[Site "http://www.queenalice.com/game.php?id=1179432"]
[Date "2013.5.7"]
[Round "2"]
[White "Jlacerda"]
[Black "TITAN10"]
[Result "0-1"]
[WhiteElo "2119"]
[BlackElo "1884"]

1. e4 c6 2. d4 d5 3. exd5 cxd5 4. c4 Nf6 5. Nc3 Bf5 6. Qb3 Qd7 7. cxd5 a6 8. Nf3
Be4 9. Ne5 Qc7 10. Nxf7 Rg8 11. Nxe4 Nxe4 12. d6 Nxd6 13. Nxd6+ Qxd6 14. Qxg8
Qxd4 15. Bc4 Nd7 0-1